000 00578nam a22002057a 4500
005 20251108173513.0
008 250721s2008 xx 000 0 ara d
082 1 4 _a811.9565/مطر
100 1 _aمطر، أحمد
245 1 0 _aالأعمال الشعرية الكاملة أحمد مطر /
250 _aط2
264 1 _aم.د :
_c2008.
300 _a520ص.
490 0 _aالأعمال الشعرية الكاملة
650 1 7 _aالشعر العربي
650 1 7 _aالشعر المعاصر
650 1 7 _aالأردن
942 _2ddc
_cBK
999 _c105481
_d105481